History of hydrology (Record no. 4959)

000 -LEADER
fixed length control field 00603nam a22002177a 4500
001 - CONTROL NUMBER
control field 4959
003 - CONTROL NUMBER IDENTIFIER
control field BD-DhUET
008 - FIXED-LENGTH DATA ELEMENTS--GENERAL INFORMATION
fixed length control field 141123b xxu||||| |||| 00| 0 eng d
020 ## - INTERNATIONAL STANDARD BOOK NUMBER
International Standard Book Number 0875902774
040 ## - CATALOGING SOURCE
Original cataloging agency DLC
Language of cataloging DLC
Transcribing agency DLC
Modifying agency BD-DhUET
082 ## - DEWEY DECIMAL CLASSIFICATION NUMBER
Classification number 551.48
Item number HIS/1987
245 ## - TITLE STATEMENT
Title History of hydrology
Statement of responsibility, etc. edited by Edwaed R. Landa and Simon Ince
250 ## - EDITION STATEMENT
Edition statement 1st ed.
260 ## - PUBLICATION, DISTRIBUTION, ETC. (IMPRINT)
Place of publication, distribution, etc. Washington D.C.
Name of publisher, distributor, etc. American Geophysical Union
Date of publication, distribution, etc. 1987
300 ## - PHYSICAL DESCRIPTION
Extent xi, 122p.
500 ## - GENERAL NOTE
General note History of Geophysics Volume 3
650 #0 - SUBJECT ADDED ENTRY--TOPICAL TERM
Topical term or geographic name as entry element Hydrology - History
700 ## - ADDED ENTRY--PERSONAL NAME
Personal name Landa, Edward R.
700 ## - ADDED ENTRY--PERSONAL NAME
Personal name Ince, Simon
942 ## - ADDED ENTRY ELEMENTS (KOHA)
Koha item type General Book
Holdings
Damaged status Shelving location Date acquired Withdrawn status Piece designation (barcode) Copy number Koha item type Koha normalized classification for sorting Not for loan Location (home branch) Sublocation or collection (holding branch) Koha full call number Source of classification or shelving scheme Price effective from Koha date last seen Lost status
 Circulation section2014-11-23 801081General Book551_000000000000000_48HIS1987 Central Library, BUETCentral Library, BUET551.48/HIS/1987 2014-11-232014-11-23